[Event "RUS-CHN Match w Standard"]
[Site "Sochi RUS"]
[Date "2009.08.15"]
[Round "1"]
[White "Kosintseva, T."]
[Black "Zhao Xue"]
[Result "1/2-1/2"]
[WhiteElo "2539"]
[BlackElo "2544"]
[PlyCount "103"]
[EventDate "2009.08.15"]
[EventType "schev"]

1. e4 e5 2. Nf3 Nc6 3. Bb5 a6 4. Ba4 Nf6 5. O-O Be7 6. Re1 b5 7. Bb3 d6 8. c3
O-O 9. h3 Na5 10. Bc2 c5 11. d4 Qc7 12. Nbd2 cxd4 13. cxd4 Nc6 14. Nb3 a5 15.
Be3 a4 16. Nbd2 Bd7 17. Rc1 Rac8 18. Nf1 Qb8 19. Ng3 Rc7 20. Bb1 Rfc8 21. Qd2
Bd8 22. dxe5 Nxe5 23. Nxe5 dxe5 24. Rxc7 Qxc7 25. Nf5 Ne8 26. Bb6 Qxb6 27. Qxd7
Qe6 28. Qxb5 a3 29. bxa3 Nd6 30. Nxd6 Qxd6 31. Qe8+ Qf8 32. Qxe5 Bb6 33. Qb5
Rb8 34. Qd3 Rd8 35. Qc3 Bd4 36. Qf3 Qc5 37. Rf1 g6 38. a4 Rb8 39. Bd3 Rb2 40.
a5 Rxa2 41. a6 Kg7 42. Kh1 Rxf2 43. Rxf2 Bxf2 44. Bf1 Be3 45. g3 Bd4 46. Qd3
Qe5 47. Kg2 Ba7 48. h4 Qc5 49. Kh3 Qc8+ 50. Kg2 Qc5 51. Kh3 Qc8+ 52. Kg2
1/2-1/2

[Event "RUS-CHN Match w Standard"]
[Site "Sochi RUS"]
[Date "2009.08.15"]
[Round "1"]
[White "Gunina, V."]
[Black "Xu Yuhua"]
[Result "1-0"]
[WhiteElo "2437"]
[BlackElo "2485"]
[PlyCount "71"]
[EventDate "2009.08.15"]
[EventType "schev"]

1. d4 e6 2. c4 Nf6 3. Nf3 b6 4. g3 Ba6 5. b3 Bb7 6. Bg2 Bb4+ 7. Bd2 a5 8. O-O
O-O 9. Bf4 a4 10. bxa4 d6 11. Qb3 Ba5 12. Na3 Nbd7 13. Nb5 h6 14. Rfd1 Ne8 15.
Rac1 f5 16. Be3 Rb8 17. Qa3 Ndf6 18. c5 Nd5 19. cxd6 cxd6 20. Nd2 Kh8 21. Nc4
f4 22. Bd2 Qf6 23. Nxa5 bxa5 24. Rf1 Ba6 25. e4 Nb4 26. Bxf4 Bxb5 27. axb5 Qxd4
28. Qxa5 Nd3 29. Be3 Qe5 30. Rb1 Qh5 31. Qd2 Ne5 32. Qd1 Qg6 33. Bf4 Nc4 34.
Qe2 e5 35. Bc1 d5 36. Rb4 1-0

[Event "RUS-CHN Match w Standard"]
[Site "Sochi RUS"]
[Date "2009.08.16"]
[Round "2"]
[White "Huang Qian"]
[Black "Gunina, V."]
[Result "1-0"]
[WhiteElo "2424"]
[BlackElo "2437"]
[PlyCount "119"]
[EventDate "2009.08.15"]
[EventType "schev"]

1. d4 d5 2. c4 c6 3. Nf3 Nf6 4. Nc3 dxc4 5. a4 e6 6. e3 c5 7. Bxc4 Nc6 8. O-O
Be7 9. Qe2 cxd4 10. exd4 O-O 11. Rd1 Nb4 12. a5 Bd7 13. Ne5 Rc8 14. Bb3 Bc6 15.
Nxc6 bxc6 16. Bg5 h6 17. Bh4 Nfd5 18. Bxe7 Qxe7 19. Ne4 Rfe8 20. Nc5 Rcd8 21.
Rac1 Nf4 22. Qe4 Qf6 23. Kf1 Nbd5 24. Re1 Qh4 25. g3 Qxh2 26. gxf4 Nxf4 27.
Red1 Qh3+ 28. Ke1 Qg4 29. Kd2 e5 30. Re1 Kf8 31. Bd1 Qh4 32. Qf3 Qg5 33. Kc2
exd4 34. Rxe8+ Rxe8 35. Kb1 Nd5 36. Bb3 Qg6+ 37. Bc2 Qd6 38. Bb3 Nf6 39. Nd3
Rc8 40. Qf5 Rb8 41. Ka2 Qc7 42. Qe5 Rc8 43. Qxc7 Rxc7 44. Ba4 Ke7 45. Rxc6 Rxc6
46. Bxc6 Kd6 47. Bg2 g5 48. b4 h5 49. b5 h4 50. Kb3 g4 51. Kc4 h3 52. Bh1 Kc7
53. Kc5 Nd7+ 54. Kxd4 f5 55. Nf4 Nf6 56. Ke5 g3 57. Kxf6 gxf2 58. Nd5+ Kd6 59.
Ne3 Kc5 60. b6 1-0

[Event "RUS-CHN Match w Standard"]
[Site "Sochi RUS"]
[Date "2009.08.17"]
[Round "3"]
[White "Gunina, V."]
[Black "Ju Wenjun"]
[Result "0-1"]
[WhiteElo "2437"]
[BlackElo "2443"]
[PlyCount "60"]
[EventDate "2009.08.15"]
[EventType "schev"]

1. d4 Nf6 2. c4 g6 3. Nc3 Bg7 4. Nf3 O-O 5. g3 d5 6. cxd5 Nxd5 7. Bg2 Nxc3 8.
bxc3 c5 9. O-O Nc6 10. e3 Be6 11. Qa4 cxd4 12. cxd4 Bd5 13. Rb1 a6 14. Rxb7
Nxd4 15. Nxd4 Bxg2 16. Nc6 Bxc6 17. Qxc6 Qa5 18. Qc4 Rac8 19. Qb3 e6 20. Qa3
Qd5 21. Ra7 Rc6 22. Bb2 Rb8 23. Qe7 Qf3 24. Bxg7 Kxg7 25. Qd7 Rc2 26. Qd4+ Kg8
27. Qd6 Rbc8 28. Qxa6 Rc1 29. Rd7 R8c2 30. Rd8+ Kg7 0-1

[Event "RUS-CHN Match w Standard"]
[Site "Sochi RUS"]
[Date "2009.08.19"]
[Round "5"]
[White "Gunina, V."]
[Black "Zhao Xue"]
[Result "1-0"]
[WhiteElo "2437"]
[BlackElo "2544"]
[PlyCount "53"]
[EventDate "2009.08.15"]
[EventType "schev"]

1. d4 Nf6 2. Nf3 e6 3. Bg5 h6 4. Bxf6 Qxf6 5. e4 d5 6. Nbd2 Qd8 7. Bd3 Be7 8.
O-O O-O 9. c3 Nd7 10. Qe2 dxe4 11. Nxe4 b6 12. Rad1 Bb7 13. Bc2 Qc8 14. Rfe1
Rd8 15. Ng3 Nf6 16. Ne5 c5 17. Nh5 cxd4 18. Rd3 Rd5 19. Rg3 g5 20. f4 d3 21.
Bxd3 Kf8 22. Kh1 Qc7 23. c4 Ra5 24. Nxf7 gxf4 25. Nxf4 Qxf4 26. Qxe6 Re8 27.
Nh8 1-0

[Event "RUS-CHN Match w Standard"]
[Site "Sochi RUS"]
[Date "2009.08.19"]
[Round "5"]
[White "Romanko, M."]
[Black "Xu Yuhua"]
[Result "0-1"]
[WhiteElo "2447"]
[BlackElo "2485"]
[PlyCount "122"]
[EventDate "2009.08.15"]
[EventType "schev"]

1. e4 e6 2. f4 d5 3. e5 c5 4. Nf3 Nc6 5. c3 Nge7 6. Na3 d4 7. Bd3 Nd5 8. g3 Be7
9. O-O a6 10. Be4 b5 11. c4 bxc4 12. Nxc4 Rb8 13. d3 g6 14. Ng5 h6 15. Nh3 Bb7
16. Nf2 Qc7 17. Bg2 Nb6 18. b3 Nb4 19. Bxb7 Qxb7 20. Ne4 Nc8 21. Ba3 Qd5 22.
Bxb4 cxb4 23. Rc1 O-O 24. Ncd6 f5 25. Nxc8 Rbxc8 26. Nd2 Rc3 27. Nb1 Rxc1 28.
Qxc1 g5 29. Qc4 Qd7 30. Rc1 gxf4 31. gxf4 Kf7 32. Qc6 Rg8+ 33. Kf2 Bh4+ 34. Kf3
Qxc6+ 35. Rxc6 Rg1 36. Nd2 Rd1 37. Nc4 Rf1+ 38. Kg2 Rxf4 39. Rxa6 Rf2+ 40. Kg1
Rf3 41. Nd6+ Kg6 42. Nc4 Rxd3 43. Rxe6+ Kg5 44. Nd6 Kf4 45. Kg2 Kg4 46. Rg6+
Bg5 47. e6 Rd2+ 48. Kf1 Kf3 49. Ke1 Rxh2 50. Kd1 Rd2+ 51. Kc1 Re2+ 52. Kd1 d3
53. e7 Rxe7 54. Nxf5 Rc7 55. Rc6 Rxc6 56. Nd4+ Ke3 57. Nxc6 h5 58. Nxb4 h4 59.
Nc6 Bf6 60. Nb4 h3 61. Nd5+ Kd4 0-1